Listy časopis pre dialóg medzi teológiou, filozofiou a politikou

Bibliographic Details
Previous Title:Listy časové i nadčasové
Format: Journal
Language:Slovak
PhysicalDescription:4 zv. 24 cm
Published: Bratislava SURSUM 2002-2006
Prešov Vydavateľstvo Michala Vaška
ISSN:1336-3247
Subjects:

MARC

LEADER 00000cas a2200000 a 4500
001 vtls001486292
003 SK-MaSNL
005 20260425194107.0
008 041130d20022006xo br|p 0 0b0slo
022 |a 1336-3247 
035 |a SNK000441585 
035 |a (SVKBB03)vtls000166242 
040 |a SNK  |b slo  |c SNK  |d SVKBB  |d SAVUK  |e AACR2 
041 |a slo 
044 |a xo  |c SK 
072 |a 32  |x Politika  |2 konspekt 
072 |a 2-1  |x Prirodzená teológia. Náboženská filozofia  |2 konspekt 
072 |a 101  |x Filozofia  |2 konspekt 
080 |a 050  |2 2011 
080 |a 2-1  |2 2011 
080 |a 101  |2 2011 
080 |a 32  |2 2011 
080 |a (051)-048.55  |2 2011 
084 |a Index 49039  |2 mksr 
210 0 |a Listy  |b (Prešov) 
222 0 |a Listy  |b (Prešov) 
245 0 0 |a Listy  |b časopis pre dialóg medzi teológiou, filozofiou a politikou 
260 |a Bratislava  |b SURSUM  |c 2002-2006 
260 3 |3 2003-2006  |a Prešov  |b Vydavateľstvo Michala Vaška 
300 |a 4 zv.  |c 24 cm 
310 |a 6x ročne 
362 0 |a Roč. 15, č. 1 (2002)-roč. 17, č. 2 (2005/06) 
500 |a Č. 2/2005 vyšlo v roku 2006 a na čísle bolo označenie roku 2005(6) 
515 |a Chybné označenie roč.: r. 2002 a č. 3-6/2003 sú označené ako ročník 15, č. 2/2003 a r. 2004 ako ročník 16, r. 2005 ako ročník 17 
580 |a Predtým vych. ako Listy časové i nadčasové 
650 0 7 |a teológia  |2 SNKPH  |9 1814 
650 0 7 |a filozofia  |2 SNKPH  |9 793 
650 0 7 |a politika  |2 SNKPH  |9 968 
655 7 |a špecializované časopisy  |2 SNKPH  |9 70509 
780 0 0 |t Listy časové i nadčasové  |w vtls008880869 
852 |a Štátna vedecká knižnica v Banskej Bystrici 
910 |a savuk 
910 |a snk 
916 |a 2002-2004 
958 |a OND 
999 |c 3768  |d 5698 
952 |t č. 1-6  |a SNK  |b SNK  |y PREZ  |7 0  |p 17A0556630  |o snkČSB 4001/15/2002  |i snk2007/20805  |8 0  |f 1  |0 0  |1 0  |4 0  |d 2007-09-19  |l 0  |r 2026-02-21 20:29:05  |w 2026-02-21 
952 |t č. 1-6  |a SNK  |b SNK  |y PREZ  |7 0  |p 17A0556631  |o snkČSB 4001/15/2002 D1  |i snk2007/20806  |8 0  |0 0  |1 0  |4 0  |d 2007-09-19  |l 0  |r 2026-02-21 21:11:52  |w 2026-02-21 
952 |t č. 2-6, neúplné  |a SNK  |b SNK  |y PREZ  |7 0  |p 17A0556632  |o snkČSB 4001/16/2003  |i snk2007/20807  |8 0  |z Chýba č. 1.  |f 1  |0 0  |1 0  |4 0  |d 2007-09-19  |l 0  |r 2026-02-21 21:11:52  |w 2026-02-21 
952 |t č. 2-6, neúplné  |a SNK  |b SNK  |y PREZ  |7 0  |p 17A0556633  |o snkČSB 4001/16/2003 D1  |i snk2007/20808  |8 0  |z Chýba č. 1.  |0 0  |1 0  |4 0  |d 2007-09-19  |l 0  |r 2026-02-21 21:11:52  |w 2026-02-21 
952 |t č. 1-6  |a SNK  |b SNK  |y PREZ  |7 0  |p 17A0556634  |o snkČSB 4001/16(17)/2004  |i snk2007/20809  |8 0  |f 1  |0 0  |1 0  |4 0  |d 2007-09-19  |l 0  |r 2026-02-21 21:11:52  |w 2026-02-21 
952 |t č. 1-6  |a SNK  |b SNK  |y PREZ  |7 0  |p 17A0556635  |o snkČSB 4001/16(17)/2004 D1  |i snk2007/20810  |8 0  |0 0  |1 0  |4 0  |d 2007-09-19  |l 0  |r 2026-02-21 21:11:52  |w 2026-02-21 
952 |t č. 1-2  |a SNK  |b SNK  |y PREZ  |7 0  |p 17A1349156  |o snkČSB 4001/17[18]/2005(6)  |i snk2018/24816  |8 0  |0 0  |1 0  |4 0  |d 2018-11-21  |l 0  |r 2026-02-21 22:05:56  |w 2026-02-21 
952 |t č. 1-2  |a SNK  |b SNK  |y PREZ  |7 0  |p 17A1349166  |o snkČSB 4001/17[18]/2005(6) D1  |i snk2018/24819  |8 0  |0 0  |1 0  |4 0  |d 2018-11-21  |l 0  |r 2026-02-21 22:05:56  |w 2026-02-21